Física recreativa

Збережено в:
Бібліографічні деталі
Автор: Perelman, Y (Автор)
Формат: Книга
Мова:Іспанська
Опубліковано: Barcelona Martínez Roca 1971
Серія:Fontana Practica
Предмети:
Теги: Додати тег
Немає тегів, Будьте першим, хто поставить тег для цього запису!

MARC

LEADER 00000nam a2200000 a 4500
001 UCH3891
003 CL-VaPUC
008 090818e19710000SP |||||||||||||||||spa|d
020 |a 8427008058 
082 0 4 |a 530.02  |b PER  |2 21 
100 0 |a Perelman, Y  |e author  |9 539347 
245 1 0 |a Física recreativa 
300 |a 187 p 
942 |c BK 
945 |d 20090818 00:00:00  |a ccalabra 
260 |a Barcelona  |b Martínez Roca  |c 1971 
650 0 |a Física   |9 227844 
650 7 |a GRAVEDAD  |2 CL-VaPUC  |9 353396 
650 7 |a PESO  |2 CL-VaPUC  |9 350340 
650 0 |a Movimiento  |9 322237 
650 0 |a Luz  |9 263172 
650 0 |a Sonido   |9 261796 
650 7 |a ROTACION  |2 CL-VaPUC  |9 359703 
583 |a last modification  |c 20090818 00:00:00  |k Rodrigo Vera 
490 0 |a Fontana Practica 
999 |c 335295  |d 335293